000 00426nam a2200169Ia 4500
008 170705s9999 xx 000 0 und d
020 _a9780439709101
245 _aInkheart /
245 _cCornelia Funke ; translated from the German by Anthea Bell.
260 _aNew York :
260 _bScholastic,
260 _c2003
300 _a563 pages :
300 _bcolor illustration ;
300 _c19cm.
500 _a780
999 _c336863
_d336863